| 000 | 00541nam a2200145Ia 4500 | ||
|---|---|---|---|
| 008 | 100204s9999 xx 000 0 und d | ||
| 082 | _b7137 | ||
| 100 | _aमराठे श्याम | ||
| 245 | _aगणितातील दुर्मिळ जादू | ||
| 260 |
_b"अजिंक्य प्रकाशन, सातारा" _c1984 |
||
| 300 | _a145 | ||
| 630 | _aगणितातील दुर्मिळ जादू | ||
| 730 | _aगणितातील दुर्मिळ जादू | ||
| 942 | _cBOOK | ||
| 999 |
_c451574 _d451571 |
||